000 00695nam a2200289Ia 4500
005 20260324141255.0
008 008 260324s9999 xx 000 0 eng d
020 _a9780203973684
037 _aEBOOK
040 _aCRL
040 _beng
040 _cCRL
041 _2eng
041 _aeng
084 _qCRL
100 _aVirginia Richardson
_91207574
245 0 _aConstructivist Teacher Education
245 0 _bBuilding a World of New Understandings
260 _bTaylor and Francis
260 _c1997
365 _a
365 _b350
856 _uhttp://www.taylorfrancis.com/books/9780203973684
942 _cEBOOK
999 _c1810489
_d1810489